Phân giải đồng tham chiếu đối tượng cho phân tích cảm xúc : Luận án tiến sĩ kĩ thuật - Chuyên ngành: Khoa học Máy tính

محفوظ في:
التفاصيل البيبلوغرافية
المؤلف الرئيسي: Lê, Thị Thủy
التنسيق: Luận văn
اللغة:Undetermined
منشور في: Đại học Bách Khoa TP. Hồ Chí Minh 2022
الموضوعات:
الوصول للمادة أونلاين:https://opac.iuh.edu.vn/TraCuuTaiLieuSo2XemChiTiet.aspx?Id=119959
الوسوم: إضافة وسم
لا توجد وسوم, كن أول من يضع وسما على هذه التسجيلة!
Thư viện lưu trữ: Trung tâm Thư viện - Trường Đại học Công nghiệp TP. Hồ Chí Minh
LEADER 00761nam a2200169Ia 4500
001 UIH_02434
008 230809s9999 xx 000 0 und d
082 |a 4 
100 |a Lê, Thị Thủy 
245 0 |a Phân giải đồng tham chiếu đối tượng cho phân tích cảm xúc : Luận án tiến sĩ kĩ thuật - Chuyên ngành: Khoa học Máy tính 
245 0 |c Lê, Thị Thủy 
260 |b Đại học Bách Khoa TP. Hồ Chí Minh 
260 |c 2022 
650 |a Khoa học máy tính;Luận án tiến sĩ; 
856 |u https://opac.iuh.edu.vn/TraCuuTaiLieuSo2XemChiTiet.aspx?Id=119959 
927 |a Luận văn 
980 |a Trung tâm Thư viện - Trường Đại học Công nghiệp TP. Hồ Chí Minh